000 00982nam a2200205Ii 4500
003 JO-AjNU
008 230605s9999||||xx |||||||||||||| ||und||
040 _aJO-AjNU
_bara
_erda
_cJO-AjNU
041 _aara
050 1 4 _aHD9737.E3 A23 2013
100 3 _aاعداد عبدالهادي، هويدا عبدالعظيم,
_eauthor
_952003
245 0 0 _aالصناعات التحويلية في افريقيا الفرص والتحديات مع التركيز على مصر وتونس
264 3 1 _aالقاهرة: المنظمة العربية للتنمية الادارية، 2013
300 _a73ص
_bيحتوي على ببلوغرافية من 69-73ص
336 _atext
_btxt
_2rdacontent
337 _aunmediated
_bn
_2rdamedia
338 _avolume
_bnc
_2rdacarrier
490 0 _aاصدار خاص عن المجلة العربية للادارة
650 4 _aالصناعات التحويلية - التصنيع - الظروف الاقتصادية - مصر - تونس
_952004
999 _aA23010
_c26578
_d26578